书目信息 |
| 题名: |
生物技术制药
|
|
| 作者: | 夏焕章 , 熊宗贵 主编 | |
| 分册: | ||
| 出版信息: | 北京 高等教育出版社 2006.04 |
|
| 页数: | 313页 | |
| 开本: | 26cm | |
| 丛书名: | ||
| 单 册: | ||
| 中图分类: | TQ464 | |
| 科图分类: | ||
| 主题词: | 药物:生物制品--制造 | |
| 电子资源: | ||
| ISBN: | 7-04-017736-6 | |
| 000 | 00653nam0 2200205 450 | |
| 001 | 0839847950 | |
| 005 | 20181217104006.78 | |
| 010 | @a7-04-017736-6@dCNY25.70 | |
| 100 | @a20080605d2006 km y0chiy0120 ea | |
| 101 | 0 | @achi |
| 102 | @aCN@b110000 | |
| 200 | 1 | @a生物技术制药@Asheng wu ji shu zhi yao@f夏焕章,熊宗贵主编@Fxia huan zhang,xiong zong gui zhu bian |
| 210 | @a北京@c高等教育出版社@d2006.04 | |
| 215 | @a313页@d26cm | |
| 606 | 0 | @a药物:生物制品@x制造 |
| 690 | @aTQ464@v4 | |
| 701 | 0 | @a夏焕章@Axia huan zhang@4主编 |
| 701 | 0 | @a熊宗贵@Axiong zong gui@4主编 |
| 801 | 0 | @aCN@b大连网信软件有限公司图书馆·11@c20121009 |
| 905 | @aZUCC@dTQ464@eX182 | |
| 生物技术制药/夏焕章,熊宗贵主编.-北京:高等教育出版社,2006.04 |
| 313页;26cm |
| ISBN 7-04-017736-6:CNY25.70 |
| ● |
| 相关链接 |
|
|
|
正题名:生物技术制药
索取号:TQ464/X182
 
预约/预借
| 序号 | 登录号 | 条形码 | 馆藏地/架位号 | 状态 | 备注 |
| 1 | 1301200 | 213012005 | 期刊室512/501自科库 70排1列2层/ [索取号:TQ464/X182] | 在馆 | |
| 2 | 452331 | 204523319 | 自科库501/501自科库 70排1列2层/ [索取号:TQ464/X182] | 在馆 | |
| 3 | 464599 | 204645991 | 自科库501/501自科库 70排1列2层/ [索取号:TQ464/X182] | 在馆 | |
| 4 | 464600 | 204646008 | 自科二线504/504自科库 42排3列5层/ [索取号:TQ464/X182] | 在馆 | |
| 5 | 464601 | 204646017 | 自科二线504/201建筑库 70排2列2层/ [索取号:TQ464/X182] | 在馆 | |
| 6 | 464602 | 204646026 | 自科二线504/504自科库 44排2列1层/ [索取号:TQ464/X182] | 在馆 | |
| 7 | 464603 | 204646035 | 自科二线504/504自科库 43排2列5层/ [索取号:TQ464/X182] | 在馆 | |
| 8 | 471679 | 204716799 | 自科二线504/504自科库 43排6列2层/ [索取号:TQ464/X182] | 在馆 | |
| 9 | 471680 | 204716806 | 自科二线504/110考试书库 2排3列3层/ [索取号:TQ464/X182] | 在馆 | |
| 10 | 473251 | 204732511 | 自科二线504/504自科库 43排5列2层/ [索取号:TQ464/X182] | 在馆 | |
| 11 | 473252 | 204732520 | 自科二线504/504自科库 43排6列2层/ [索取号:TQ464/X182] | 在馆 | |
| 12 | 473253 | 204732539 | 自科二线504/504自科库 43排6列2层/ [索取号:TQ464/X182] | 在馆 | |
| 13 | 473254 | 204732548 | 期刊室512/501自科库 70排1列2层/ [索取号:TQ464/X182] | 在馆 | |
| 14 | 473255 | 204732557 | 自科二线504/504自科库 43排6列5层/ [索取号:TQ464/X182] | 在馆 | |
| 15 | 473256 | 204732566 | 自科二线504/504自科库 42排3列5层/ [索取号:TQ464/X182] | 在馆 | |
| 16 | 473257 | 204732575 | 自科二线504/504自科库 44排1列6层/ [索取号:TQ464/X182] | 在馆 | |
| 17 | 473258 | 204732584 | 自科二线504/110考试书库 2排3列3层/ [索取号:TQ464/X182] | 在馆 | |
| 18 | 487332 | 204873324 | 自科二线504/504自科库 17排1列4层/ [索取号:TQ464/X182] | 在馆 | |
| 19 | 487333 | 204873333 | 自科二线504/504自科库 17排1列4层/ [索取号:TQ464/X182] | 在馆 | |
| 20 | 487334 | 204873342 | 自科二线504/504自科库 17排1列4层/ [索取号:TQ464/X182] | 在馆 |